<?xml version="1.0" encoding="UTF-8"?>
<record
    xmlns:xsi="http://www.w3.org/2001/XMLSchema-instance"
    xsi:schemaLocation="http://www.loc.gov/MARC21/slim http://www.loc.gov/standards/marcxml/schema/MARC21slim.xsd"
    xmlns="http://www.loc.gov/MARC21/slim">

  <leader>00650nam a22001337a 4500</leader>
  <datafield tag="040" ind1=" " ind2=" ">
    <subfield code="c">RUA</subfield>
  </datafield>
  <datafield tag="082" ind1=" " ind2=" ">
    <subfield code="a">AED YAN 2015 B650 Or.1</subfield>
  </datafield>
  <datafield tag="100" ind1=" " ind2=" ">
    <subfield code="a">YANG SOMOUN &#x1799;&#x17C9;&#x17B6;&#x1784; &#x179F;&#x17C6;&#x17A2;&#x17BC;&#x1793;</subfield>
  </datafield>
  <datafield tag="245" ind1=" " ind2=" ">
    <subfield code="a">the study on households livelihoods in study khos commune tea, kok district, takeao province &#x1780;&#x17B6;&#x179A;&#x179F;&#x17B7;&#x1780;&#x17D2;&#x179F;&#x17B6;&#x179A;&#x17A2;&#x17C6;&#x1796;&#x17B8;&#x1780;&#x1798;&#x17D2;&#x179A;&#x17B7;&#x178F;&#x1787;&#x17B8;&#x179C;&#x1797;&#x17B6;&#x1796;&#x179A;&#x179F;&#x17CB;&#x1793;&#x17C5;&#x179A;&#x1794;&#x179F;&#x17CB;&#x1794;&#x17D2;&#x179A;&#x1787;&#x17B6;&#x1796;&#x179A;&#x178A;&#x17D2;&#x178B;&#x1793;&#x17C5;&#x1780;&#x17D2;&#x1793;&#x17BB;&#x1784;&#x1783;&#x17BB;&#x17C6;&#x1782;&#x17BB;&#x179F; &#x179F;&#x17D2;&#x179A;&#x17BB;&#x1780;&#x178F;&#x17D2;&#x179A;&#x17B6;&#x17C6;&#x1780;&#x1780;&#x17CB; &#x1781;&#x17C1;&#x178F;&#x17D2;&#x178F;&#x1780;&#x178E;&#x17D2;&#x178F;&#x17B6;&#x179B;</subfield>
  </datafield>
  <datafield tag="260" ind1=" " ind2=" ">
    <subfield code="a">RUA</subfield>
    <subfield code="b">Phnom penh</subfield>
    <subfield code="c">2015</subfield>
  </datafield>
  <datafield tag="300" ind1=" " ind2=" ">
    <subfield code="a">xi;45p</subfield>
    <subfield code="b">ill;</subfield>
    <subfield code="c">29cm</subfield>
  </datafield>
  <datafield tag="856" ind1=" " ind2=" ">
    <subfield code="u">YANG SOMOUN</subfield>
  </datafield>
  <datafield tag="942" ind1=" " ind2=" ">
    <subfield code="c">AED</subfield>
  </datafield>
  <datafield tag="999" ind1=" " ind2=" ">
    <subfield code="c">18401</subfield>
    <subfield code="d">18401</subfield>
  </datafield>
  <datafield tag="952" ind1=" " ind2=" ">
    <subfield code="0">0</subfield>
    <subfield code="1">0</subfield>
    <subfield code="2">ddc</subfield>
    <subfield code="4">0</subfield>
    <subfield code="6">AED_YAN_2015_000000000000000_B650_OR_1</subfield>
    <subfield code="7">0</subfield>
    <subfield code="9">82388</subfield>
    <subfield code="a">LBB</subfield>
    <subfield code="b">LBB</subfield>
    <subfield code="c">B650</subfield>
    <subfield code="d">2019-11-18</subfield>
    <subfield code="o">AED YAN 2015 B650 Or.1</subfield>
    <subfield code="p">A42420</subfield>
    <subfield code="r">2019-11-18</subfield>
    <subfield code="w">2019-11-18</subfield>
    <subfield code="y">AED</subfield>
  </datafield>
  <datafield tag="952" ind1=" " ind2=" ">
    <subfield code="0">0</subfield>
    <subfield code="1">0</subfield>
    <subfield code="2">ddc</subfield>
    <subfield code="4">0</subfield>
    <subfield code="6">AED_YAN_2015_000000000000000_B650_OR_2</subfield>
    <subfield code="7">0</subfield>
    <subfield code="9">82389</subfield>
    <subfield code="a">LBB</subfield>
    <subfield code="b">LBB</subfield>
    <subfield code="c">B650</subfield>
    <subfield code="d">2019-11-18</subfield>
    <subfield code="o">AED YAN 2015 B650 Or.2</subfield>
    <subfield code="p">A44146</subfield>
    <subfield code="r">2019-11-18</subfield>
    <subfield code="w">2019-11-18</subfield>
    <subfield code="y">AED</subfield>
  </datafield>
  <datafield tag="952" ind1=" " ind2=" ">
    <subfield code="0">0</subfield>
    <subfield code="1">0</subfield>
    <subfield code="2">ddc</subfield>
    <subfield code="4">0</subfield>
    <subfield code="6">AED_YAN_2015_000000000000000_B650_OR_3</subfield>
    <subfield code="7">0</subfield>
    <subfield code="9">82390</subfield>
    <subfield code="a">LBB</subfield>
    <subfield code="b">LBB</subfield>
    <subfield code="c">B650</subfield>
    <subfield code="d">2019-11-18</subfield>
    <subfield code="o">AED YAN 2015 B650 Or.3</subfield>
    <subfield code="p">A43747</subfield>
    <subfield code="r">2019-11-18</subfield>
    <subfield code="w">2019-11-18</subfield>
    <subfield code="y">AED</subfield>
  </datafield>
  <datafield tag="952" ind1=" " ind2=" ">
    <subfield code="0">0</subfield>
    <subfield code="1">0</subfield>
    <subfield code="2">ddc</subfield>
    <subfield code="4">0</subfield>
    <subfield code="6">AED_YAN_2015_000000000000000_B650_OR_4</subfield>
    <subfield code="7">0</subfield>
    <subfield code="9">82391</subfield>
    <subfield code="a">LBB</subfield>
    <subfield code="b">LBB</subfield>
    <subfield code="c">B650</subfield>
    <subfield code="d">2019-11-18</subfield>
    <subfield code="o">AED YAN 2015 B650 Or.4</subfield>
    <subfield code="p">A43762</subfield>
    <subfield code="r">2019-11-18</subfield>
    <subfield code="w">2019-11-18</subfield>
    <subfield code="y">AED</subfield>
  </datafield>
  <datafield tag="952" ind1=" " ind2=" ">
    <subfield code="0">0</subfield>
    <subfield code="1">0</subfield>
    <subfield code="2">ddc</subfield>
    <subfield code="4">0</subfield>
    <subfield code="6">AED_YAN_2015_000000000000000_B650_OR_5</subfield>
    <subfield code="7">0</subfield>
    <subfield code="9">82392</subfield>
    <subfield code="a">LBB</subfield>
    <subfield code="b">LBB</subfield>
    <subfield code="c">B650</subfield>
    <subfield code="d">2019-11-18</subfield>
    <subfield code="o">AED YAN 2015 B650 Or.5</subfield>
    <subfield code="p">A43597</subfield>
    <subfield code="r">2019-11-18</subfield>
    <subfield code="w">2019-11-18</subfield>
    <subfield code="y">AED</subfield>
  </datafield>
  <datafield tag="952" ind1=" " ind2=" ">
    <subfield code="0">0</subfield>
    <subfield code="1">0</subfield>
    <subfield code="2">ddc</subfield>
    <subfield code="4">0</subfield>
    <subfield code="6">AED_YAN_2015_000000000000000_B650_OR_6</subfield>
    <subfield code="7">0</subfield>
    <subfield code="9">82393</subfield>
    <subfield code="a">LBB</subfield>
    <subfield code="b">LBB</subfield>
    <subfield code="c">B650</subfield>
    <subfield code="d">2019-11-18</subfield>
    <subfield code="o">AED YAN 2015 B650 Or.6</subfield>
    <subfield code="p">A43678</subfield>
    <subfield code="r">2019-11-18</subfield>
    <subfield code="w">2019-11-18</subfield>
    <subfield code="y">AED</subfield>
  </datafield>
</record>
